[Event "HUN-chT2 Toth 1516"]
[Site "Hungary"]
[Date "2016.02.14"]
[Round "7.11"]
[White "Perdi, Zsombor"]
[Black "Nemeth, Tibor"]
[Result "1-0"]
[WhiteElo "1745"]
[BlackElo "1482"]
[PlyCount "53"]
[EventDate "2015.09.13"]
[EventType "team-tourn"]
[EventRounds "11"]
[EventCountry "HUN"]
[SourceTitle "EXT 2017"]
[Source "ChessBase"]
[SourceDate "2016.10.25"]
[SourceVersion "1"]
[SourceVersionDate "2016.10.25"]
[SourceQuality "1"]
[WhiteTeam "Bekes"]
[BlackTeam "Takisz"]
[WhiteTeamCountry "HUN"]
[BlackTeamCountry "HUN"]

1. d4 Nf6 2. c4 e6 3. Bg5 Be7 4. Nf3 0-0 5. e3 d5 6. Nc3 h6 7. Bh4 Ne4 8. Bxe7 Qxe7 9. Bd3 Nf6 10. 0-0 Nc6 11. e4 dxe4 12. Nxe4 Rd8 13. Bc2 Nxe4 14. Bxe4 Nxd4 15. Nxd4 c5 16. Nc6 bxc6 17. Qf3 Bb7 18. Bxc6 Bxc6 19. Qxc6 Rab8 20. b3 Rb6 21. Qf3 Rbd6 22. Rad1 e5 23. Rd5 a5 24. Rxc5 Rd3 25. Qc6 R8d6 26. Qa8+ Kh7 27. Qe4+ 1-0

[Event "HUN-chT2 Toth 1516"]
[Site "Hungary"]
[Date "2015.10.18"]
[Round "3.11"]
[White "Nemeth, Tibor"]
[Black "Volford, Istvan"]
[Result "0-1"]
[WhiteElo "1482"]
[BlackElo "1821"]
[PlyCount "44"]
[EventDate "2015.09.13"]
[EventType "team-tourn"]
[EventRounds "11"]
[EventCountry "HUN"]
[SourceTitle "CBM 170 Extra"]
[Source "ChessBase"]
[SourceDate "2016.02.25"]
[SourceVersion "1"]
[SourceVersionDate "2016.02.25"]
[SourceQuality "1"]
[WhiteTeam "Takisz"]
[BlackTeam "Maroczy II"]
[WhiteTeamCountry "HUN"]
[BlackTeamCountry "HUN"]

1. d4 Nf6 2. c4 c5 3. e3 g6 4. Nc3 Bg7 5. Nf3 0-0 6. Be2 e6 7. dxc5 Qa5 8. 0-0 Qxc5 9. Rb1 a6 10. b4 Qc7 11. Qb3 Nc6 12. Ba3 Re8 13. Rfd1 d5 14. cxd5 exd5 15. Rbc1 Be6 16. Qb1 Qe7 17. Nd4 Nxd4 18. Rxd4 b5 19. Bf3 Rad8 20. Rcd1 Ne4 21. Rxe4 dxe4 22. Nxe4 Bf5 0-1